2025 FIFA Club World Cup Teams - Statistics

General Stats
  • This quiz has been taken 787 times
    352 since last reset
  • The average score is 26 of 32
Answer Stats
Group Team % Correct
B Paris Saint-Germain
97%
E Inter Milan
96%
C Bayern Munich
95%
A Inter Miami CF
95%
H Real Madrid
94%
D Chelsea
93%
G Manchester City
93%
A Porto
93%
B Atlético Madrid
92%
F Borussia Dortmund
92%
C Benfica
91%
G Juventus
90%
C Boca Juniors
88%
H Al-Hilal
86%
C Auckland City
86%
E River Plate
86%
A Al-Ahly
82%
B Botafogo
82%
D Los Angeles FC
82%
H Red Bull Salzburg
82%
A Palmeiras
80%
D Flamengo
75%
B Seattle Sounders FC
75%
E Monterrey
72%
F Fluminense
69%
E Urawa Red Diamonds
66%
G Al-Ain
65%
H Pachuca
65%
F Mamelodi Sundowns
63%
F Ulsan HD
59%
D Espérance de Tunis
55%
G Wydad AC
52%
No matching quizzes found
Score Distribution
Percent of People with Each Score
Percentile by Number Answered
Your Score History
You have not taken this quiz since the last reset